| 000 | 01415 a2200217 4500 | ||
|---|---|---|---|
| 001 | 59017 | ||
| 005 | 20260407155845.0 | ||
| 008 | 260407a1988 arg spa d | ||
| 003 | AR-UNSa-BCEJYS | ||
| 040 |
_aAR-UNSa-BCEJYS _bspa _cAR-UNSa-BCEJYS |
||
| 080 |
_a338.642 _xPequeña Empresa |
||
| 245 | 1 | 0 | _aGeneración de empleo, la microempresa alternativa |
| 020 | _a950-9370-11-8 | ||
| 264 | 1 |
_aBuenos Aires : _bEdiciones CEUR _c1988 |
|
| 300 |
_a203 p. _c20 cm. |
||
| 505 | _a1. Un programa de promoción, capacitación, asistencia técnica y financiamiento de microempresas productivas – 2. Bases para un programa de promoción del sector informal urbano – 3. Crédito e intermediación financiera para el sector informal (Ajustando la operación convencional de las entidades crediticias) – 4. Las pequeñas unidades productivas agropecuarias: Dificultades actuales en materia de financiamiento y propuesta de una nueva estrategia financiera – 5. La microempresa: notas para su análisis – 6. Racionalidad, riesgo y viabilidad de la microempresa – 7. La microempresa: un fenómeno en busca de su identidad – 8. Promoción y desarrollo del empleo. Alternativas ante la crisis – 9. La micro y pequeña unidad productiva en el Uruguay. Planes y políticas de promoción | ||
| 942 | _cBK | ||
| 590 | _aniveau_biblio:m niveau_hierar:0 | ||
| 100 | 1 | _aRofman, Alejandro | |
| 700 | 1 | _aMoreno, Guillermo | |
| 999 |
_c6570 _d6570 |
||